000 00529nam a2200181Ia 4500
008 100920s9999 xx 000 0 und d
082 _b2102
_a491.462 थ 54
100 _aशर्मा सुरेश.
245 _aबलिदान.
260 _bजगताप-कारले प्रकाशन, पुणे 2.
_c1954
300 _a75
_bसाधी
365 _b1
520 _aनाटक.
630 _aबलिदान.
650 _aनाटक.
730 _aबलिदान.
942 _cBOOK
999 _c672909
_d672906